00350 a2200121 450000100060000010000160000624500350002226000300005709000170008794200210010499900190012595200840014413603 aGray Co. S aGeopolitics of the Nuclear Era aNew YorkbCrone Russakc c10601d10601 aNUST-CAEcMc672 c248676d248676 001040708NFICaCAEbCAEd2017-04-03l0pCAE35813r2017-04-05w2017-04-05yBK